00326nam a22000977a 4500082001200000100002200012245009100034260004100125650002300166700003900189 a200 THE aAnjum Naeem Malik aTH-SOF-1373-EEG signal classification for predicting the movement intent of lower limb aIslamabadbNUST College of EMEc2017 aMS-MTS-78 MSTHESIS aSupervisor: Brig. Dr. Javaid Iqbal